過去10年のNPBドラフト1位指名選手 - Statistics

General Stats
  • This quiz has been taken 30 times
  • The average score is 75 of 120
Answer Stats
球団 ポジション 最終球歴 選手 % Correct
福岡ソフトバンク 外野手 JR西日本 佐藤直樹
92%
阪神 内野手 近畿大学 佐藤輝明
92%
阪神 外野手 大阪ガス 近本光司
88%
広島東洋 投手 明治大学 森下暢仁
88%
横浜DeNA 内野手 桐蔭学園高校 森敬斗
88%
阪神 外野手 中央大学 森下翔太
88%
阪神 内野手 白鴎大学 大山悠輔
83%
千葉ロッテ 投手 桜美林大学 佐々木千隼
83%
福岡ソフトバンク 投手 創価大学 田中正義
83%
東京ヤクルト 内野手 九州学院高校 村上宗隆
83%
読売 投手 八戸学院大学 髙橋優貴
83%
千葉ロッテ 投手 大船渡高校 佐々木朗希
83%
阪神 投手 創志学園高校 西純矢
83%
中日 投手 中京大学附属中京高校 髙橋宏斗
83%
広島東洋 内野手 青山学院大学 佐々木泰
83%
福岡ソフトバンク 投手 神戸弘陵学園高校 村上泰斗
83%
福岡ソフトバンク 内野手 スタンフォード大学 佐々木麟太郎
83%
広島東洋 捕手 広陵高校 中村奨成
79%
東京ヤクルト 投手 愛知工業大学 中村優斗
79%
埼玉西武 投手 作新学院高校 今井達也
75%
千葉ロッテ 内野手 履正社高校 安田尚憲
75%
北海道日本ハム 内野手 早稲田実業高校 清宮幸太郎
75%
中日 投手 ヤマハ 鈴木博志
75%
中日 内野手 大阪桐蔭高校 根尾昂
75%
北海道日本ハム 投手 金足農業高校 吉田輝星
75%
埼玉西武 内野手 桐蔭横浜大学 渡部健人
75%
千葉ロッテ 投手 法政大学 鈴木昭汰
75%
横浜DeNA 外野手 ENEOS 度会隆輝
75%
東北楽天 内野手 明治大学 宗山塁
75%
オリックス 投手 東京ガス 山岡泰輔
71%
中日 投手 明治大学 柳裕也
71%
千葉ロッテ 外野手 大阪桐蔭高校 藤原恭大
71%
広島東洋 内野手 報徳学園高校 小園海斗
71%
オリックス 投手 興南高校 宮城大弥
71%
中日 内野手 東邦高校 石川昂弥
71%
北海道日本ハム 投手 苫小牧駒澤大学 伊藤大海
71%
東北楽天 投手 早稲田大学 早川隆久
71%
横浜DeNA 投手 和歌山市立和歌山高校 小園健太
71%
中日 外野手 上武大学 アドゥブライト健太
71%
埼玉西武 投手 西日本工業大学 隅田知一郎
71%
広島東洋 投手 青山学院大学 常廣羽也斗
71%
北海道日本ハム 投手 福岡大学附属大濠高校 柴田獅子
71%
埼玉西武 捕手 明治大学 小島大河
71%
東北楽天 投手 花園大学 藤原聡大
71%
東北楽天 投手 横浜高校 藤平尚真
67%
横浜DeNA 投手 立命館大学 東克樹
67%
東北楽天 外野手 立命館大学 辰己涼介
67%
オリックス 内野手 天理高校 太田椋
67%
東京ヤクルト 投手 星稜高校 奥川恭伸
67%
北海道日本ハム 投手 天理高校 達孝太
67%
広島東洋 投手 苫小牧中央高校 斉藤優汰
67%
福岡ソフトバンク 内野手 誉高校 イヒネイツア
67%
千葉ロッテ 内野手 明治大学 上田希由翔
67%
中日 投手 関西大学 金丸夢斗
67%
千葉ロッテ 外野手 青山学院大学 西川史礁
67%
千葉ロッテ 投手 高崎健康福祉大学附属高崎高校 石垣元気
67%
読売 投手 鷺宮製作所 竹丸和幸
67%
阪神 内野手 創価大学 立石正広
67%
読売 内野手 中京学院大学 吉川尚輝
63%
東北楽天 内野手 大阪ガス 小深田大翔
63%
オリックス 投手 福岡大学附属大濠高校 山下舜平太
63%
読売 投手 関西国際大学 翁田大勢
63%
東京ヤクルト 投手 法政大学 山下輝
63%
読売 外野手 高松商業高校 浅野翔吾
63%
埼玉西武 外野手 早稲田大学 蛭間拓哉
63%
横浜DeNA 捕手 大阪桐蔭高校 松尾汐恩
63%
東京ヤクルト 投手 東芝 吉村貢司郎
63%
中日 投手 亜細亜大学 草加勝
63%
東京ヤクルト 投手 専修大学 西舘昂汰
63%
読売 投手 中央大学 西舘勇陽
63%
埼玉西武 内野手 金沢高校 齋藤大翔
63%
阪神 投手 NTT西日本 伊原陵人
63%
中日 投手 青山学院大学 中西聖輝
63%
広島東洋 投手 慶應義塾大学 加藤拓也
58%
埼玉西武 投手 日本体育大学 松本航
58%
福岡ソフトバンク 投手 ノースアジア大学明桜高校 風間球打
58%
千葉ロッテ 捕手 和歌山市立和歌山高校 松川虎生
58%
北海道日本ハム 投手 東洋大学 細野晴希
58%
埼玉西武 投手 國學院大學 武内夏暉
58%
福岡ソフトバンク 投手 大阪桐蔭高校 前田悠伍
58%
オリックス 外野手 富士大学 麦谷祐介
58%
広島東洋 外野手 仙台大学 平川蓮
58%
東京ヤクルト 投手 履正社高校 寺島成輝
54%
北海道日本ハム 投手 広島新庄高校 堀瑞輝
54%
オリックス 投手 JR東日本 田嶋大樹
54%
読売 投手 亜細亜大学 平内龍太
54%
阪神 投手 高知高校 森木大智
54%
中日 投手 沖縄大学 仲地礼亜
54%
阪神 投手 青山学院大学 下村海翔
54%
横浜DeNA 投手 三菱重工West 竹田祐
54%
読売 内野手 花咲徳栄高校 石塚裕惺
54%
東京ヤクルト 内野手 法政大学 松下歩叶
54%
北海道日本ハム 投手 明治大学 大川慈英
54%
東京ヤクルト 投手 慶應義塾大学 木澤尚文
50%
福岡ソフトバンク 内野手 花咲徳栄高校 井上朋也
50%
東北楽天 投手 立教大学 荘司康誠
50%
オリックス 投手 延岡学園高校 藤川敦也
50%
横浜DeNA 投手 神奈川大学 濱口遥大
46%
埼玉西武 投手 東芝 宮川哲
46%
横浜DeNA 投手 明治大学 入江大生
46%
東北楽天 外野手 昌平高校 吉野創士
46%
オリックス 投手 東北福祉大学 椋木蓮
46%
北海道日本ハム 投手 日本体育大学 矢澤宏太
46%
千葉ロッテ 投手 専修大学 菊地吏玖
46%
オリックス 投手 白鴎大学 曽谷龍平
46%
東北楽天 投手 桐蔭横浜大学 古謝樹
46%
横浜DeNA 内野手 青山学院大学 小田康一郎
46%
東北楽天 投手 岡山商科大学 近藤弘樹
42%
阪神 投手 仙台大学 馬場皐輔
42%
福岡ソフトバンク 投手 東洋大学 甲斐野央
42%
読売 投手 青森山田高校 堀田賢慎
42%
埼玉西武 投手 明治大学 齊藤大将
38%
横浜DeNA 投手 東洋大学 上茶谷大河
38%
東京ヤクルト 投手 國學院大學 清水昇
38%
広島東洋 投手 トヨタ自動車 栗林良吏
38%
オリックス 内野手 上田西高校 横山聖哉
38%
北海道日本ハム 投手 JFE西日本 河野竜生
33%
広島東洋 投手 関西学院大学 黒原拓未
33%
読売 投手 中央大学 鍬原拓也
29%
福岡ソフトバンク 投手 鶴岡東高校 吉住晴斗
25%
No matching quizzes found
Score Distribution
Percent of People with Each Score
Percentile by Number Answered
Your Score History
You have not taken this quiz